000 00842nam a22002057a 4500
005 20110927164043.0
010 _aG-001500
020 _c100.00
035 1 d _aG-001500
037 _bGift
082 _a299.93
100 _aAdi Da Samraj
_934943
245 _aThe ancient walk-about way:
_cby the divine avataric great sage Adi Da Samraj
_bthe care esoteric process of real spirituality and its perfect fulfillment in the way of Adidam /
260 _aCalifornia
_bThe Dawn Horse Press
_c2006
270 _a10336, Loch Lomond Road, #305, Middletown,
_bCalifornia
300 _a143p.
_c24cm(pbk)
_bphotos
942 _2ddc
_cEN
_h299.93
_mADI
999 _c57078
_d57078